Catálogo

Vista normal Vista MARC

Entrada Personal Name

Número de registros utilizados en: 1

001 - CONTROL NUMBER

  • control field: 18053

003 - CONTROL NUMBER IDENTIFIER

  • control field: DLC

005 - DATE AND TIME OF LATEST TRANSACTION

  • control field: 20260427113238.0

008 - FIXED-LENGTH DATA ELEMENTS

  • fixed length control field: 930820n| azannaabn |a aaa c

010 ## - LIBRARY OF CONGRESS CONTROL NUMBER

  • LC control number: nr 93031782

024 7# - OTHER STANDARD IDENTIFIER

  • Standard number or code: 0000-0002-4952-8864
  • Source of number or code: orcid

024 7# - OTHER STANDARD IDENTIFIER

  • Standard number or code: 14864012
  • Source of number or code: viaf

040 ## - CATALOGING SOURCE

  • Original cataloging agency: MiU
  • Language of cataloging: spa
  • Description conventions: rda
  • Transcribing agency: Mx-PuUPA
  • Modifying agency: MdRoLAC
  • Modifying agency: Mx-PuUPA

100 1# - HEADING--PERSONAL NAME

  • Personal name: Borgnakke, C.
  • Fuller form of name: (Claus),

373 ## - ASSOCIATED GROUP

  • Associated group: Universidad Técnica de Dinamarca
  • Source of term: naf

373 ## - ASSOCIATED GROUP

  • Associated group: Universidad de Michigan Estados Unidos
  • Source of term: naf

374 ## - OCCUPATION

  • Occupation: Autor

375 ## - GENDER

  • Gender: hombre

377 ## - ASSOCIATED LANGUAGE

  • Language code: eng

400 1# - SEE FROM TRACING--PERSONAL NAME

  • Personal name: Borgnakke, Claus

670 ## - SOURCE DATA FOUND

  • Source citation: His Spark ignition engine simulation, 1986:
  • Information found: t.p. (C. Borgnakke)

670 ## - SOURCE DATA FOUND

  • Source citation: University of Michigan. Directory, 1989-90
  • Information found: (Borgnakke, Claus)

670 ## - SOURCE DATA FOUND

  • Source citation: Fundamentals of thermodynamics, 2025:
  • Information found: CIP title page (Claus Borgnakke)

670 ## - SOURCE DATA FOUND

  • Source citation: ORCID, December 6, 2025
  • Information found: (Claus Borgnakke; PhD in mechanical engineering from Technical University of Denmark)